| 000 | 00616nam a2200205 a 4500 | ||
|---|---|---|---|
| 005 | 20230608063649.0 | ||
| 008 | 991125s1994 mx 000 0 spa u | ||
| 020 | _a968164574X | ||
| 035 | _aUPN01000055382 | ||
| 049 | _aCG | ||
| 050 | 4 |
_aF1219.76 R4.5 _bL6.7 |
|
| 100 | 1 |
_aLópez Austin, Alfredo, _d1936- _936376 |
|
| 245 | 1 | 0 |
_aTamoanchan y Tlalocan / _cAlfredo López Austin. |
| 260 |
_aMéxico : _bFCE, _c1994. |
||
| 300 | _a261 p. | ||
| 440 | 0 | _aSección de obras de antropología | |
| 650 | 4 |
_aNAHUAS - _xRELIGION Y MITOLOGIA _918096 |
|
| 650 | 7 |
_aNahuas _xVida social y costumbres _2 _918090 |
|
| 905 | _aLibro | ||
| 999 |
_c55382 _d55382 |
||